Statistics for Popular Girls Names UK

Click here to take the quiz!

General Stats

  • This quiz has been taken 913 times
  • The average score is 40 of 100

Answer Stats

Answer% Correct
Amelia
80%
Emily
80%
Emma
79%
Eliza
78%
Elizabeth
78%
Charlotte
77%
Olivia
77%
Anna
74%
Sarah
73%
Sophie
69%
Hannah
68%
Lily
67%
Rose
67%
Rosie
67%
Chloe
65%
Eleanor
65%
Lucy
65%
Sophia
65%
Isabelle
64%
Jessica
63%
Ava
62%
Grace
62%
Katie
61%
Amy
60%
Elena
60%
Isabella
59%
Rebecca
59%
Mia
57%
Bethany
56%
Ella
56%
Ellie
56%
Molly
55%
Alice
54%
Poppy
54%
Victoria
54%
Eva
53%
Daisy
51%
Abigail
50%
Zoe
49%
Holly
48%
Isla
48%
Ruby
47%
Evie
46%
Georgia
45%
Millie
45%
Megan
44%
Maria
43%
Bella
40%
Freya
40%
Madison
40%
Jasmine
38%
Violet
35%
Ivy
34%
Harriet
32%
Leah
32%
Amber
31%
Erin
31%
Florence
31%
Zara
31%
Evelyn
30%
Scarlett
29%
Elsie
28%
Lola
28%
Imogen
27%
Maisie
27%
Maya
27%
Annabelle
25%
Layla
24%
Sienna
24%
Summer
24%
Clara
23%
Iris
23%
Matilda
23%
Willow
23%
Esme
22%
Faith
22%
Harper
21%
Naomi
21%
Niamh
21%
Amelie
20%
Aria
20%
Gracie
20%
Lara
20%
Elsa
18%
Kayla
18%
Alexis
17%
Gabriella
16%
Lexi
16%
Lottie
16%
Emilia
13%
Lacey
13%
Alyssa
12%
Mila
12%
Skye
11%
Thea
10%
Ariana
9%
Robyn
7%
Maryam
6%
Pheobe
6%
Nur
4%

Score Distribution

Percentile by Number Answered

Percent of People with Each Score

Your Score History

You have not taken this quiz